00541cam a22002171 4500001001300000003000400013005001700017008004100034010001700075035002000092040001800112042001200130050002200142100003300164245003300197260001600230300002900246500001700275500001400292999001700306sa 68009503 DLC20260227112543.0900123s1967 ii c 000 0 hino  asa 68009503  a(OCoLC)20944902 aDLCcWaUdDLC apremarc00aPK2098.42.I33bS21 aVidyālaṅkāra, Upendra.10aSamāja ko badala ḍālo. c[1967 or 8] a6, 100 p.bport.c17 cm. aCover title. aIn Hindi. c82944d82944